Biểu hiện Protein interleukin-7 tái tổ hợp trong dòng tế bào thuốc lá BY-2 /

সংরক্ষণ করুন:
গ্রন্থ-পঞ্জীর বিবরন
প্রধান লেখক: Nguyễn Huy Hoàng.
অন্যান্য লেখক: Chu Hoàng Hà., Lê Văn Sơn., Phạm Bích Ngọc.
বিন্যাস: প্রবন্ধ
ভাষা:Vietnamese
বিষয়গুলি:
ট্যাগগুলো: ট্যাগ যুক্ত করুন
কোনো ট্যাগ নেই, প্রথমজন হিসাবে ট্যাগ করুন!
Thư viện lưu trữ: Thư viện Trường Đại học Đà Lạt
LEADER 00993nam a2200325 4500
001 DLU210195625
005 ##20210118
040 # # |a DLU  |b vie 
041 # # |a vie 
044 # # |a vn 
100 # # |a Nguyễn Huy Hoàng. 
245 # # |a Biểu hiện Protein interleukin-7 tái tổ hợp trong dòng tế bào thuốc lá BY-2 /  |c Nguyễn Huy Hoàng, ...[và những người khác]. 
653 # # |a BY-2 
653 # # |a Cytokine 
653 # # |a Interleukin-7 
653 # # |a Protein tái tổ hợp 
653 # # |a Tế bào thuốc lá. 
700 # # |a Chu Hoàng Hà. 
700 # # |a Lê Văn Sơn. 
700 # # |a Phạm Bích Ngọc. 
773 # # |t Tạp chí Công nghệ Sinh học  |g Số 15(3), 2017, tr. 541-546 
920 # # |a Phòng Tạp chí -- Trung tâm Thông tin - Thư viện Trường Đại học Đà Lạt 
994 # # |a DLU 
900 # # |a True 
911 # # |a Hoàng Thị Huyền 
925 # # |a G 
926 # # |a A 
927 # # |a BB 
980 # # |a Thư viện Trường Đại học Đà Lạt